808 State Discography - Statistics

General Stats
  • This quiz has been taken 10 times
    5 since last reset
  • The average score is 14 of 25
Answer Stats
Type Year Name % Correct
Album 1989 90
100%
Album 1993 Gorgeous
100%
Reissued Album 2008 Gorgeous
100%
Compilation 1998 808:88:98
67%
Album 1996 Don Solaris
67%
Reissued Album 2008 Don Solaris
67%
Album 1991 ex:el
67%
Reissued Album 2008 ex:el
67%
Album 1988 Newbuild
67%
Reissued Album 1999 Newbuild
67%
Album 2002 Outpost Transmission
67%
EP 1989 Quadrastate
67%
Reissued Album 2008 Quadrastate
67%
Compilation 1994 State to State
67%
EP 1990 Utd. State 90
67%
Reissued Album 2008 808:90
33%
Compilation 2011 Blueprint
33%
Remix Album 1993 Forecast
33%
EP 2019 Initial Granada Report
33%
DVD Collection 2002 Opti Buk + State to State 2
33%
EP 2012 O.T.E.P.
33%
Compilation 2004 Prebuild
33%
EP 2019 Subsequent Granada Report
33%
Compilation 1996 Thermo Kings
33%
Album 2019 Transmission Suite
33%
No matching quizzes found
Score Distribution
Percent of People with Each Score
Percentile by Number Answered
Your Score History
You have not taken this quiz since the last reset